{"text_format":"3","workbook":"xlsx","n_sheets":1,"sheets":["Estimate"],"not_rendered":{"defined_names":1},"read":"whole","date_system":"1900"}

{"sheet":"Estimate","index":0,"n_rows":190,"n_cols":15,"rows_kept":190,"merged":[[1,2,2,2],[3,12,3,13],[5,0,5,1],[6,0,6,1],[36,0,36,1],[44,0,44,1],[84,0,84,1],[127,0,127,1],[154,0,154,1],[159,0,159,1],[162,0,162,1],[172,0,172,12],[172,13,172,14],[173,0,173,12],[173,13,173,14],[174,0,174,12],[174,13,174,14],[175,0,175,12],[175,13,175,14],[176,0,176,11],[176,13,176,14],[177,0,177,11],[177,13,177,14],[178,0,178,12],[178,13,178,14],[179,0,179,14],[180,0,180,14],[181,1,181,14],[182,1,182,14],[183,1,183,14],[184,1,184,14],[185,1,185,14],[186,1,186,14],[187,1,187,14],[188,1,188,14],[189,1,189,14],[190,1,190,14]]}
[null,null,"PROJECT:"]
[null,null,"ADDRESS:"]
[]
["DATE: 06/10/2021",null,"REV:",{"$nulls":9},"LABOR RATE",null,{"v":75,"d":"$75"}]
["SR.\nNO.","DESCRIPTION","QUANTITY","WASTAGE","QTY WITH\nWASTAGE","UNIT","UNIT \nCOST","UNIT","MATERIAL \nCOST","LABOR RATE","LABOR","UNIT","TOTAL LABOR ","LABOR \nCOST","TOTAL\nCOST"]
["NEW WORK"]
["DISTRIBUTION"]
[]
[null,"CONDUITS"]
[1,"2\" PVC SCH 40 Conduit (Assumed Size and Length for 200A Panel)",20,{"v":0.1,"d":"10%"},{"$f":"C10+(C10*D10)","v":22},"FT",{"v":116.73,"d":"$116.73"},"C",{"$f":"IF(H10=\"C\",(G10/100)*E10,IF(H10=\"M\",(G10/1000)*E10,G10*E10))","v":{"v":25.6806,"d":"$26"}},{"$f":"$O$4","v":{"v":75,"d":"$75"}},2.5,"C",{"$f":"IF(L10=\"C\",(K10/100)*E10,IF(L10=\"M\",(K10/1000)*E10,K10*E10))","v":0.55},{"$f":"M10*J10","v":{"v":41.25,"d":"$41"}},{"$f":"N10+I10","v":{"v":66.9306,"d":"$67"}}]
[null,"2\" LOCKNUT - STEEL",{"$f":"ROUNDUP(C10*2%*1,0)","v":1},{"v":0,"d":"0%"},1,"EA",{"v":225.41,"d":"$225.41"},"C",{"v":2.2540999999999998,"d":"$2"},{"$f":"$O$4","v":{"v":75,"d":"$75"}},3.4,"C",{"v":0.034,"d":"0.03"},{"$f":"M11*J11","v":{"v":2.5500000000000003,"d":"$3"}},{"$f":"N11+I11","v":{"v":4.8041,"d":"$5"}}]
[null,"2\" COUPLING - PVC",{"$f":"ROUNDUP(C10*1.5%*1,0)","v":1},{"v":0,"d":"0%"},1,"EA",{"v":135.06,"d":"$135.06"},"C",{"v":1.3506,"d":"$1"},{"$f":"$O$4","v":{"v":75,"d":"$75"}},0.07,"E",0.07,{"$f":"M12*J12","v":{"v":5.250000000000001,"d":"$5"}},{"$f":"N12+I12","v":{"v":6.600600000000001,"d":"$7"}}]
[null,"2\" ADAPTER FEM - PVC",{"$f":"ROUNDUP(C10*2%*1,0)","v":1},{"v":0,"d":"0%"},1,"EA",{"v":183.9,"d":"$183.90"},"C",{"v":1.839,"d":"$2"},{"$f":"$O$4","v":{"v":75,"d":"$75"}},0.09,"E",0.09,{"$f":"M13*J13","v":{"v":6.75,"d":"$7"}},{"$f":"N13+I13","v":{"v":8.589,"d":"$9"}}]
[]
[null,"STUBS"]
[1,"2\" RGS Conduit Stub (For PVC SCH 40 Conduit)",2,{"v":0,"d":"0%"},{"$f":"C16+(C16*D16)","v":2},"EA",{"v":3962.7,"d":"$3,962.70"},"C",{"$f":"IF(H16=\"C\",(G16/100)*E16,IF(H16=\"M\",(G16/1000)*E16,G16*E16))","v":{"v":79.25399999999999,"d":"$79"}},{"$f":"$O$4","v":{"v":75,"d":"$75"}},50,"C",{"$f":"IF(L16=\"C\",(K16/100)*E16,IF(L16=\"M\",(K16/1000)*E16,K16*E16))","v":{"v":1,"d":"1.00"}},{"$f":"M16*J16","v":{"v":75,"d":"$75"}},{"$f":"N16+I16","v":{"v":154.254,"d":"$154"}}]
[]
[null,"CONDUCTORS"]
[1,"#6 CU THHN/THWN (Assumed Size and Length for 200A Panel)",20,{"v":0.1,"d":"10%"},{"$f":"C19+(C19*D19)","v":22},"FT",{"v":1082.87,"d":"$1,082.87"},"M",{"$f":"IF(H19=\"C\",(G19/100)*E19,IF(H19=\"M\",(G19/1000)*E19,G19*E19))","v":{"v":23.82314,"d":"$24"}},{"$f":"$O$4","v":{"v":75,"d":"$75"}},6,"M",{"$f":"IF(L19=\"C\",(K19/100)*E19,IF(L19=\"M\",(K19/1000)*E19,K19*E19))","v":{"v":0.132,"d":"0.13"}},{"$f":"M19*J19","v":{"v":9.9,"d":"$10"}},{"$f":"N19+I19","v":{"v":33.72314,"d":"$34"}}]
[2,"#3/0 CU THHN/THWN (Assumed Size and Length for 200A Panel)",80,{"v":0.1,"d":"10%"},88,"FT",{"v":6001.24,"d":"$6,001.24"},"M",{"v":528.10912,"d":"$528"},{"v":75,"d":"$75"},16,"M",{"v":1.408,"d":"1.41"},{"v":105.6,"d":"$106"},{"v":633.70912,"d":"$634"}]
[]
[null,"TERMINATIONS"]
[1,"Compression Lug CU With 1-Hole , #6 CU Wire",2,{"v":0,"d":"0%"},2,"EA",{"v":3.56,"d":"$3.56"},"E",{"$f":"IF(H23=\"C\",(G23/100)*E23,IF(H23=\"M\",(G23/1000)*E23,G23*E23))","v":{"v":7.12,"d":"$7"}},{"$f":"$O$4","v":{"v":75,"d":"$75"}},13,"C",{"$f":"IF(L23=\"C\",(K23/100)*E23,IF(L23=\"M\",(K23/1000)*E23,K23*E23))","v":0.26},{"$f":"M23*J23","v":{"v":19.5,"d":"$20"}},{"$f":"N23+I23","v":{"v":26.62,"d":"$27"}}]
[null,"Heat Shrink Tubing for #6 CU Wire",2,{"v":0,"d":"0%"},2,"EA",{"v":7.52,"d":"$7.52"},"E",{"v":15.04,"d":"$15"},{"v":75,"d":"$75"},14,"C",0.28,{"v":21.000000000000004,"d":"$21"},{"v":36.040000000000006,"d":"$36"}]
[2,"Compression Lugs CU With 1-Hole. #3/0 CU Wire",8,{"v":0,"d":"0%"},8,"EA",{"v":12.46,"d":"$12.46"},"E",{"v":99.68,"d":"$100"},{"v":75,"d":"$75"},28,"C",2.24,{"v":168.00000000000003,"d":"$168"},{"v":267.68000000000006,"d":"$268"}]
[null,"Heat Shrink Tubing For #3/0 CU Wire",8,{"v":0,"d":"0%"},8,"EA",{"v":17.07,"d":"$17.07"},"E",{"v":136.56,"d":"$137"},{"v":75,"d":"$75"},28,"C",2.24,{"v":168.00000000000003,"d":"$168"},{"v":304.56000000000006,"d":"$305"}]
[]
[null,"CIRCUIT BREAKERS"]
[1,"1P/20A Breaker (Assumed Size And Quantity)",26,{"v":0,"d":"0%"},{"$f":"C29+(C29*D29)","v":26},"EA",null,"E",{"$f":"IF(H29=\"C\",(G29/100)*E29,IF(H29=\"M\",(G29/1000)*E29,G29*E29))","v":0},{"$f":"$O$4","v":{"v":75,"d":"$75"}},0.15,"E",{"$f":"IF(L29=\"C\",(K29/100)*E29,IF(L29=\"M\",(K29/1000)*E29,K29*E29))","v":{"v":3.9,"d":"3.90"}},{"$f":"M29*J29","v":{"v":292.5,"d":"$293"}},{"$f":"N29+I29","v":{"v":292.5,"d":"$293"}}]
[2,"1P/20A Breaker AFCI Type (Assumed Size And Quantity)",15,{"v":0,"d":"0%"},15,"EA",null,"E",0,{"v":75,"d":"$75"},0.25,"E",3.75,{"v":281.25,"d":"$281"},{"v":281.25,"d":"$281"}]
[3,"1P/30A Breaker (Assumed Size And Quantity)",1,{"v":0,"d":"0%"},1,"EA",null,"E",0,{"v":75,"d":"$75"},0.15,"E",0.15,{"v":11.25,"d":"$11"},{"v":11.25,"d":"$11"}]
[4,"3P/200A MCB (Assumed Size And Quantity)",1,{"v":0,"d":"0%"},1,"EA",null,"E",0,{"v":75,"d":"$75"},1.2,"E",{"v":1.2,"d":"1.20"},{"v":90,"d":"$90"},{"v":90,"d":"$90"}]
[]
[null,"PANELS"]
[1,"200A Service Panel (No Other Information Provided)",1,{"v":0,"d":"0%"},1,"EA",null,"E",0,{"v":75,"d":"$75"},4,"E",{"v":4,"d":"4.00"},{"v":300,"d":"$300"},{"v":300,"d":"$300"}]
[]
["DISCONNECT SWITCH"]
[1,"220V Disconnect Switch, Rating Not Mentioned",1,{"v":0,"d":"0%"},{"$f":"C38+(C38*D38)","v":1},"EA",null,"E",{"$f":"IF(H38=\"C\",(G38/100)*E38,IF(H38=\"M\",(G38/1000)*E38,G38*E38))","v":0},{"$f":"$O$4","v":{"v":75,"d":"$75"}},0.5,"E",{"$f":"IF(L38=\"C\",(K38/100)*E38,IF(L38=\"M\",(K38/1000)*E38,K38*E38))","v":{"v":0.5,"d":"0.50"}},{"$f":"M38*J38","v":{"v":37.5,"d":"$38"}},{"$f":"N38+I38","v":{"v":37.5,"d":"$38"}}]
[]
[null,"GROUNDING"]
[1,"#4 Grounding Wire",20,{"v":0.1,"d":"10%"},{"$f":"C41+(C41*D41)","v":22},"FT",{"v":1657.1,"d":"$1,657.10"},"M",{"$f":"IF(H41=\"C\",(G41/100)*E41,IF(H41=\"M\",(G41/1000)*E41,G41*E41))","v":{"v":36.4562,"d":"$36"}},{"$f":"$O$4","v":{"v":75,"d":"$75"}},9,"M",{"$f":"IF(L41=\"C\",(K41/100)*E41,IF(L41=\"M\",(K41/1000)*E41,K41*E41))","v":{"v":0.19799999999999998,"d":"0.20"}},{"$f":"M41*J41","v":{"v":14.849999999999998,"d":"$15"}},{"$f":"N41+I41","v":{"v":51.306200000000004,"d":"$51"}}]
[]
[null,"SWITCHGEAR QUOTE",1,{"v":0,"d":"0%"},{"$f":"C43+(C43*D43)","v":1},"LS",null,"E",{"$f":"IF(H43=\"C\",(G43/100)*E43,IF(H43=\"M\",(G43/1000)*E43,G43*E43))","v":0},{"$f":"$O$4","v":{"v":75,"d":"$75"}},null,"E",{"$f":"IF(L43=\"C\",(K43/100)*E43,IF(L43=\"M\",(K43/1000)*E43,K43*E43))","v":{"v":0,"d":"0.00"}},{"$f":"M43*J43","v":0},{"$f":"N43+I43","v":0}]
[]
["RECEPTACLES & SWITCHES"]
[]
[null,"CONDUCTORS"]
[1,"3#12 Romex Cable",{"$f":"438.67+2502","v":{"v":2940.67,"d":"2941"}},{"v":0.1,"d":"10%"},{"$f":"C48+(C48*D48)","v":{"v":3234.737,"d":"3235"}},"FT",{"v":581.01,"d":"$581.01"},"M",{"$f":"IF(H48=\"C\",(G48/100)*E48,IF(H48=\"M\",(G48/1000)*E48,G48*E48))","v":{"v":1879.4145443700002,"d":"$1,879"}},{"$f":"$O$4","v":{"v":75,"d":"$75"}},10,"M",{"$f":"IF(L48=\"C\",(K48/100)*E48,IF(L48=\"M\",(K48/1000)*E48,K48*E48))","v":{"v":32.34737,"d":"32.35"}},{"$f":"M48*J48","v":{"v":2426.05275,"d":"$2,426"}},{"$f":"N48+I48","v":{"v":4305.46729437,"d":"$4,305"}}]
[2,"3#10 Romex Cable",773,{"v":0.1,"d":"10%"},{"$f":"C49+(C49*D49)","v":{"v":850.3,"d":"850"}},"FT",{"v":886.34,"d":"$886.34"},"M",{"v":753.654902,"d":"$754"},{"v":75,"d":"$75"},13,"M",{"v":11.053899999999999,"d":"11.05"},{"v":829.0424999999999,"d":"$829"},{"v":1582.6974019999998,"d":"$1,583"}]
[]
[null,"DEVICES"]
[1,"110V Duplex Outlet",55,{"v":0,"d":"0%"},55,"EA",{"v":1968,"d":"$1,968.00"},"C",{"$f":"IF(H52=\"C\",(G52/100)*E52,IF(H52=\"M\",(G52/1000)*E52,G52*E52))","v":{"v":1082.4,"d":"$1,082"}},{"$f":"$O$4","v":{"v":75,"d":"$75"}},20,"C",{"$f":"IF(L52=\"C\",(K52/100)*E52,IF(L52=\"M\",(K52/1000)*E52,K52*E52))","v":{"v":11,"d":"11.00"}},{"$f":"M52*J52","v":{"v":825,"d":"$825"}},{"$f":"N52+I52","v":{"v":1907.4,"d":"$1,907"}}]
[null,"4 x 1 1/2\" SQ NM BOX",{"$f":"C52","v":55},{"v":0,"d":"0%"},55,"EA",{"v":242.79,"d":"$242.79"},"C",{"$f":"IF(H53=\"C\",(G53/100)*E53,IF(H53=\"M\",(G53/1000)*E53,G53*E53))","v":{"v":133.53449999999998,"d":"$134"}},{"v":75,"d":"$75"},12.5,"C",{"$f":"IF(L53=\"C\",(K53/100)*E53,IF(L53=\"M\",(K53/1000)*E53,K53*E53))","v":{"v":6.875,"d":"6.88"}},{"$f":"M53*J53","v":{"v":515.625,"d":"$516"}},{"v":649.1595,"d":"$649"}]
[null,"4\" SQ NM 1G PLSTR RING 3/8\" RISE",{"$f":"C52","v":55},{"v":0,"d":"0%"},55,"EA",{"v":109.66,"d":"$109.66"},"C",{"v":60.313,"d":"$60"},{"v":75,"d":"$75"},1.5,"C",{"v":0.825,"d":"0.83"},{"v":61.875,"d":"$62"},{"v":122.188,"d":"$122"}]
[null,"GROUND SCREW W/ INSUL #12 LEAD",{"$f":"C52","v":55},{"v":0,"d":"0%"},55,"EA",{"v":402.86,"d":"$402.86"},"C",{"v":221.573,"d":"$222"},{"v":75,"d":"$75"},1.5,"C",{"v":0.825,"d":"0.83"},{"v":61.875,"d":"$62"},{"v":283.448,"d":"$283"}]
[null,"#10x   3/4 P/H SELF-TAP SCREW",{"$f":"C52*2","v":110},{"v":0,"d":"0%"},110,"EA",{"v":9.09,"d":"$9.09"},"C",{"v":9.998999999999999,"d":"$10"},{"v":75,"d":"$75"},1.4,"C",{"v":1.5399999999999998,"d":"1.54"},{"v":115.49999999999999,"d":"$116"},{"v":125.49899999999998,"d":"$125"}]
[null,"1G DUPLEX REC PLATE - PLASTIC IVY",{"$f":"C52","v":55},{"v":0,"d":"0%"},55,"EA",{"v":53.24,"d":"$53.24"},"C",{"v":29.282,"d":"$29"},{"v":75,"d":"$75"},1.3,"C",{"v":0.7150000000000001,"d":"0.72"},{"v":53.62500000000001,"d":"$54"},{"v":82.90700000000001,"d":"$83"}]
[2,"110V Duplex Outlet, Tamper Resistant",1,{"v":0,"d":"0%"},1,"EA",{"v":2489.52,"d":"$2,489.52"},"C",{"v":24.8952,"d":"$25"},{"v":75,"d":"$75"},20,"C",{"v":0.2,"d":"0.20"},{"v":15,"d":"$15"},{"v":39.8952,"d":"$40"}]
[null,"4 x 1 1/2\" SQ NM BOX",{"$f":"C58","v":1},{"v":0,"d":"0%"},{"$f":"C59+(C59*D59)","v":1},"EA",{"v":242.79,"d":"$242.79"},"C",{"$f":"IF(H59=\"C\",(G59/100)*E59,IF(H59=\"M\",(G59/1000)*E59,G59*E59))","v":{"v":2.4278999999999997,"d":"$2"}},{"v":75,"d":"$75"},12.5,"C",{"$f":"IF(L59=\"C\",(K59/100)*E59,IF(L59=\"M\",(K59/1000)*E59,K59*E59))","v":{"v":0.125,"d":"0.13"}},{"$f":"M59*J59","v":{"v":9.375,"d":"$9"}},{"$f":"N59+I59","v":{"v":11.8029,"d":"$12"}}]
[null,"4\" SQ NM 1G PLSTR RING 3/8\" RISE",{"$f":"C58","v":1},{"v":0,"d":"0%"},1,"EA",{"v":109.66,"d":"$109.66"},"C",{"v":1.0966,"d":"$1"},{"v":75,"d":"$75"},1.5,"C",{"v":0.015,"d":"0.02"},{"v":1.125,"d":"$1"},{"v":2.2216,"d":"$2"}]
[null,"GROUND SCREW W/ INSUL #12 LEAD",{"$f":"C58","v":1},{"v":0,"d":"0%"},1,"EA",{"v":402.86,"d":"$402.86"},"C",{"v":4.0286,"d":"$4"},{"v":75,"d":"$75"},1.5,"C",{"v":0.015,"d":"0.02"},{"$f":"M61*J61","v":{"v":1.125,"d":"$1"}},{"$f":"N61+I61","v":{"v":5.1536,"d":"$5"}}]
[null,"#10x   3/4 P/H SELF-TAP SCREW",{"$f":"C58*2","v":2},{"v":0,"d":"0%"},2,"EA",{"v":9.09,"d":"$9.09"},"C",{"v":0.1818,"d":"$0"},{"v":75,"d":"$75"},1.4,"C",{"v":0.027999999999999997,"d":"0.03"},{"v":2.0999999999999996,"d":"$2"},{"v":2.2817999999999996,"d":"$2"}]
[null,"1G DUPLEX REC PLATE - PLASTIC IVY",{"$f":"C58","v":1},{"v":0,"d":"0%"},1,"EA",{"v":53.24,"d":"$53.24"},"C",{"v":0.5324,"d":"$1"},{"v":75,"d":"$75"},1.3,"C",{"v":0.013000000000000001,"d":"0.01"},{"v":0.9750000000000001,"d":"$1"},{"v":1.5074,"d":"$2"}]
[3,"110V Duplex Outlet, GFI",32,{"v":0,"d":"0%"},32,"EA",{"v":2672,"d":"$2,672.00"},"C",{"v":855.04,"d":"$855"},{"v":75,"d":"$75"},25,"C",{"v":8,"d":"8.00"},{"v":600,"d":"$600"},{"v":1455.04,"d":"$1,455"}]
[null,"4 x 1 1/2\" SQ NM BOX",{"$f":"C64","v":32},{"v":0,"d":"0%"},32,"EA",{"v":242.79,"d":"$242.79"},"C",{"v":77.69279999999999,"d":"$78"},{"v":75,"d":"$75"},12.5,"C",{"v":4,"d":"4.00"},{"v":300,"d":"$300"},{"v":377.6928,"d":"$378"}]
[null,"4\" SQ NM 1G PLSTR RING 3/8\" RISE",{"$f":"C64","v":32},{"v":0,"d":"0%"},32,"EA",{"v":109.66,"d":"$109.66"},"C",{"v":35.0912,"d":"$35"},{"v":75,"d":"$75"},1.5,"C",0.48,{"v":36,"d":"$36"},{"v":71.0912,"d":"$71"}]
[null,"GROUND SCREW W/ INSUL #12 LEAD",{"$f":"C64","v":32},{"v":0,"d":"0%"},32,"EA",{"v":402.86,"d":"$402.86"},"C",{"$f":"IF(H67=\"C\",(G67/100)*E67,IF(H67=\"M\",(G67/1000)*E67,G67*E67))","v":{"v":128.9152,"d":"$129"}},{"v":75,"d":"$75"},1.5,"C",{"$f":"IF(L67=\"C\",(K67/100)*E67,IF(L67=\"M\",(K67/1000)*E67,K67*E67))","v":0.48},{"$f":"M67*J67","v":{"v":36,"d":"$36"}},{"$f":"N67+I67","v":{"v":164.9152,"d":"$165"}}]
[null,"#10x   3/4 P/H SELF-TAP SCREW",{"$f":"C64*2","v":64},{"v":0,"d":"0%"},64,"EA",{"v":9.09,"d":"$9.09"},"C",{"v":5.8176,"d":"$6"},{"v":75,"d":"$75"},1.4,"C",{"v":0.8959999999999999,"d":"0.90"},{"v":67.19999999999999,"d":"$67"},{"v":73.01759999999999,"d":"$73"}]
[null,"1G DUPLEX REC PLATE - PLASTIC IVY",{"$f":"C64","v":32},{"v":0,"d":"0%"},32,"EA",{"v":53.24,"d":"$53.24"},"C",{"v":17.0368,"d":"$17"},{"v":75,"d":"$75"},1.3,"C",{"v":0.41600000000000004,"d":"0.42"},{"v":31.200000000000003,"d":"$31"},{"v":48.2368,"d":"$48"}]
[4,"110V Duplex Outlet, GFI, WP",5,{"v":0,"d":"0%"},5,"EA",{"v":2672,"d":"$2,672.00"},"C",{"v":133.6,"d":"$134"},{"v":75,"d":"$75"},25,"C",1.25,{"v":93.75,"d":"$94"},{"v":227.35,"d":"$227"}]
[null,"4 x 1 1/2\" SQ NM BOX",{"$f":"C70","v":5},{"v":0,"d":"0%"},5,"EA",{"v":242.79,"d":"$242.79"},"C",{"v":12.139499999999998,"d":"$12"},{"v":75,"d":"$75"},12.5,"C",{"v":0.625,"d":"0.63"},{"v":46.875,"d":"$47"},{"v":59.0145,"d":"$59"}]
[null,"4\" SQ NM 1G PLSTR RING 3/8\" RISE",{"$f":"C70","v":5},{"v":0,"d":"0%"},5,"EA",{"v":109.66,"d":"$109.66"},"C",{"v":5.4830000000000005,"d":"$5"},{"v":75,"d":"$75"},1.5,"C",{"v":0.075,"d":"0.08"},{"v":5.625,"d":"$6"},{"v":11.108,"d":"$11"}]
[null,"GROUND SCREW W/ INSUL #12 LEAD",{"$f":"C70","v":5},{"v":0,"d":"0%"},5,"EA",{"v":402.86,"d":"$402.86"},"C",{"v":20.143,"d":"$20"},{"v":75,"d":"$75"},1.5,"C",{"v":0.075,"d":"0.08"},{"$f":"M73*J73","v":{"v":5.625,"d":"$6"}},{"$f":"N73+I73","v":{"v":25.768,"d":"$26"}}]
[null,"#10x   3/4 P/H SELF-TAP SCREW",{"$f":"C70*2","v":10},{"v":0,"d":"0%"},10,"EA",{"v":9.09,"d":"$9.09"},"C",{"v":0.9089999999999999,"d":"$1"},{"v":75,"d":"$75"},1.4,"C",{"v":0.13999999999999999,"d":"0.14"},{"v":10.499999999999998,"d":"$11"},{"v":11.408999999999999,"d":"$11"}]
[null,"1G DECOR WP PLATE - DEVICE MNT VERT - ALUM",{"$f":"C70","v":5},{"v":0,"d":"0%"},5,"EA",{"v":1968,"d":"$1,968.00"},"C",{"v":98.4,"d":"$98"},{"v":75,"d":"$75"},1.3,"C",{"v":0.065,"d":"0.07"},{"v":4.875,"d":"$5"},{"v":103.275,"d":"$103"}]
[5,"220V Outlet",3,{"v":0,"d":"0%"},{"$f":"C76+(C76*D76)","v":3},"EA",{"v":2660,"d":"$2,660.00"},"C",{"v":79.80000000000001,"d":"$80"},{"v":75,"d":"$75"},20,"C",{"v":0.6000000000000001,"d":"0.60"},{"v":45.00000000000001,"d":"$45"},{"v":124.80000000000001,"d":"$125"}]
[null,"4 x 1 1/2\" SQ NM BOX",{"$f":"C76","v":3},{"v":0,"d":"0%"},3,"EA",{"v":242.79,"d":"$242.79"},"C",{"v":7.2837,"d":"$7"},{"v":75,"d":"$75"},12.5,"C",{"v":0.375,"d":"0.38"},{"v":28.125,"d":"$28"},{"v":35.408699999999996,"d":"$35"}]
[null,"4\" SQ NM 1G PLSTR RING 3/8\" RISE",{"$f":"C76","v":3},{"v":0,"d":"0%"},3,"EA",{"v":109.66,"d":"$109.66"},"C",{"v":3.2898,"d":"$3"},{"v":75,"d":"$75"},1.5,"C",{"v":0.045,"d":"0.05"},{"v":3.375,"d":"$3"},{"v":6.6648,"d":"$7"}]
[null,"GROUND SCREW W/ INSUL #12 LEAD",{"$f":"C76","v":3},{"v":0,"d":"0%"},3,"EA",{"v":402.86,"d":"$402.86"},"C",{"v":12.085799999999999,"d":"$12"},{"v":75,"d":"$75"},1.5,"C",{"v":0.045,"d":"0.05"},{"$f":"M79*J79","v":{"v":3.375,"d":"$3"}},{"$f":"N79+I79","v":{"v":15.460799999999999,"d":"$15"}}]
[null,"#10x   3/4 P/H SELF-TAP SCREW",{"$f":"C76*2","v":6},{"v":0,"d":"0%"},6,"EA",{"v":9.09,"d":"$9.09"},"C",{"v":0.5454,"d":"$1"},{"v":75,"d":"$75"},1.4,"C",{"v":0.08399999999999999,"d":"0.08"},{"v":6.299999999999999,"d":"$6"},{"v":6.845399999999999,"d":"$7"}]
[null,"1G DUPLEX REC PLATE - PLASTIC IVY",{"$f":"C76","v":3},{"v":0,"d":"0%"},3,"EA",{"v":53.24,"d":"$53.24"},"C",{"v":1.5972,"d":"$2"},{"v":75,"d":"$75"},1.3,"C",{"v":0.03900000000000001,"d":"0.04"},{"v":2.9250000000000007,"d":"$3"},{"v":4.522200000000001,"d":"$5"}]
[6,"Exhaust Fan 50CFM rate",6,{"v":0,"d":"0%"},6,"EA",null,"E",{"$f":"IF(H82=\"C\",(G82/100)*E82,IF(H82=\"M\",(G82/1000)*E82,G82*E82))","v":0},{"v":75,"d":"$75"},null,"E",{"$f":"IF(L82=\"C\",(K82/100)*E82,IF(L82=\"M\",(K82/1000)*E82,K82*E82))","v":{"v":0,"d":"0.00"}},{"$f":"M82*J82","v":0},{"$f":"N82+I82","v":0}]
[null,"Equipment Connection",6,{"v":0,"d":"0%"},{"$f":"C83+(C83*D83)","v":6},"EA",{"v":20.99,"d":"$20.99"},"E",{"$f":"IF(H83=\"C\",(G83/100)*E83,IF(H83=\"M\",(G83/1000)*E83,G83*E83))","v":{"v":125.94,"d":"$126"}},{"v":75,"d":"$75"},0.5,"E",{"$f":"IF(L83=\"C\",(K83/100)*E83,IF(L83=\"M\",(K83/1000)*E83,K83*E83))","v":{"v":3,"d":"3.00"}},{"$f":"M83*J83","v":{"v":225,"d":"$225"}},{"$f":"N83+I83","v":{"v":350.94,"d":"$351"}}]
[]
["LIGHTING"]
[]
[null,"CONDUCTORS"]
[1,"3#12 Romex Cable",{"$f":"792.68+2410","v":{"v":3202.68,"d":"3203"}},{"v":0.1,"d":"10%"},{"$f":"C88+(C88*D88)","v":{"v":3522.948,"d":"3523"}},"FT",{"v":581.01,"d":"$581.01"},"M",{"$f":"IF(H88=\"C\",(G88/100)*E88,IF(H88=\"M\",(G88/1000)*E88,G88*E88))","v":{"v":2046.86801748,"d":"$2,047"}},{"$f":"$O$4","v":{"v":75,"d":"$75"}},10,"M",{"$f":"IF(L88=\"C\",(K88/100)*E88,IF(L88=\"M\",(K88/1000)*E88,K88*E88))","v":{"v":35.22948,"d":"35.23"}},{"$f":"M88*J88","v":{"v":2642.2110000000002,"d":"$2,642"}},{"$f":"N88+I88","v":{"v":4689.07901748,"d":"$4,689"}}]
[]
[null,"LIGHTING FIXTURES"]
[1,"4' High Efficiency Fluorescent Light Fixture ",3,{"v":0,"d":"0%"},{"$f":"C91+(C91*D91)","v":3},"EA",null,"E",{"$f":"IF(H91=\"C\",(G91/100)*E91,IF(H91=\"M\",(G91/1000)*E91,G91*E91))","v":0},{"$f":"$O$4","v":{"v":75,"d":"$75"}},0.5,"E",{"$f":"IF(L91=\"C\",(K91/100)*E91,IF(L91=\"M\",(K91/1000)*E91,K91*E91))","v":{"v":1.5,"d":"1.50"}},{"$f":"M91*J91","v":{"v":112.5,"d":"$113"}},{"$f":"N91+I91","v":{"v":112.5,"d":"$113"}}]
[2,"Attic Light At HVAC",1,{"v":0,"d":"0%"},1,"EA",null,"E",0,{"v":75,"d":"$75"},0.6,"E",{"v":0.6,"d":"0.60"},{"v":45,"d":"$45"},{"v":45,"d":"$45"}]
[3,"Paddle fan W/ Light Fixture Min. 7'-0\" To Blades",7,{"v":0,"d":"0%"},7,"EA",null,"E",0,{"v":75,"d":"$75"},1.2,"E",{"v":8.4,"d":"8.40"},{"v":630,"d":"$630"},{"v":630,"d":"$630"}]
[4,"Recessed High Efficiency Fixture",57,{"v":0,"d":"0%"},57,"EA",null,"E",0,{"v":75,"d":"$75"},0.5,"E",{"v":28.5,"d":"28.50"},{"v":2137.5,"d":"$2,138"},{"v":2137.5,"d":"$2,138"}]
[5,"Recessed High Efficiency Fixture, W/ Vacancy Sensor (V written In Subscript)",5,{"v":0,"d":"0%"},{"$f":"C95+(C95*D95)","v":5},"EA",null,"E",{"$f":"IF(H95=\"C\",(G95/100)*E95,IF(H95=\"M\",(G95/1000)*E95,G95*E95))","v":0},{"v":75,"d":"$75"},0.5,"E",{"$f":"IF(L95=\"C\",(K95/100)*E95,IF(L95=\"M\",(K95/1000)*E95,K95*E95))","v":{"v":2.5,"d":"2.50"}},{"$f":"M95*J95","v":{"v":187.5,"d":"$188"}},{"$f":"N95+I95","v":{"v":187.5,"d":"$188"}}]
[6,"Surface mount Fixture W/ Vacancy Sensor (V written In Subscript)",1,{"v":0,"d":"0%"},1,"EA",null,"E",0,{"v":75,"d":"$75"},0.5,"E",{"v":0.5,"d":"0.50"},{"v":37.5,"d":"$38"},{"v":37.5,"d":"$38"}]
[7,"Surface Mount Light Fixture",17,{"v":0,"d":"0%"},17,"EA",null,"E",0,{"v":75,"d":"$75"},0.5,"E",{"v":8.5,"d":"8.50"},{"v":637.5,"d":"$638"},{"v":637.5,"d":"$638"}]
[]
[null,"LIGHTING CONTROLS"]
[1,"1-Way Switch",48,{"v":0,"d":"0%"},48,"EA",null,"E",0,{"v":75,"d":"$75"},14,"C",{"v":6.720000000000001,"d":"6.72"},{"v":504.00000000000006,"d":"$504"},{"v":504.00000000000006,"d":"$504"}]
[null,"4 x 1 1/2\" SQ NM BOX",{"$f":"C100","v":48},{"v":0,"d":"0%"},48,"EA",{"v":242.79,"d":"$242.79"},"C",{"v":116.5392,"d":"$117"},{"v":75,"d":"$75"},12.5,"C",{"v":6,"d":"6.00"},{"v":450,"d":"$450"},{"v":566.5391999999999,"d":"$567"}]
[null,"4\" SQ NM 1G PLSTR RING 3/8\" RISE",{"$f":"C100","v":48},{"v":0,"d":"0%"},48,"EA",{"v":109.66,"d":"$109.66"},"C",{"v":52.6368,"d":"$53"},{"v":75,"d":"$75"},1.5,"C",0.72,{"v":54,"d":"$54"},{"v":106.6368,"d":"$107"}]
[null,"GROUND SCREW W/ INSUL #12 LEAD",{"$f":"C100","v":48},{"v":0,"d":"0%"},48,"EA",{"v":402.86,"d":"$402.86"},"C",{"v":193.37279999999998,"d":"$193"},{"v":75,"d":"$75"},1.5,"C",0.72,{"v":54,"d":"$54"},{"v":247.37279999999998,"d":"$247"}]
[null,"#8 x 3/4 P/H SELF-TAP SCREW",{"$f":"2*C100","v":96},{"v":0,"d":"0%"},96,"EA",{"v":8.06,"d":"$8.06"},"C",{"v":7.7376000000000005,"d":"$8"},{"v":75,"d":"$75"},1.2,"C",{"v":1.1520000000000001,"d":"1.15"},{"v":86.4,"d":"$86"},{"v":94.1376,"d":"$94"}]
[null,"1G TGL SWITCH PLATE - PLASTIC IVY",{"$f":"C100","v":48},{"v":0,"d":"0%"},48,"EA",{"v":53.24,"d":"$53.24"},"C",{"v":25.5552,"d":"$26"},{"v":75,"d":"$75"},1.5,"C",0.72,{"v":54,"d":"$54"},{"v":79.5552,"d":"$80"}]
[2,"3-Way Switch",6,{"v":0,"d":"0%"},6,"EA",null,"E",0,{"v":75,"d":"$75"},20,"C",{"$f":"IF(L106=\"C\",(K106/100)*E106,IF(L106=\"M\",(K106/1000)*E106,K106*E106))","v":{"v":1.2000000000000002,"d":"1.20"}},{"$f":"M106*J106","v":{"v":90.00000000000001,"d":"$90"}},{"$f":"N106+I106","v":{"v":90.00000000000001,"d":"$90"}}]
[null,"4 x 1 1/2\" SQ NM BOX",{"$f":"C106","v":6},{"v":0,"d":"0%"},{"$f":"C107+(C107*D107)","v":6},"EA",{"v":242.79,"d":"$242.79"},"C",{"v":14.5674,"d":"$15"},{"v":75,"d":"$75"},12.5,"C",0.75,{"v":56.25,"d":"$56"},{"v":70.81739999999999,"d":"$71"}]
[null,"4\" SQ NM 1G PLSTR RING 3/8\" RISE",{"$f":"C106","v":6},{"v":0,"d":"0%"},6,"EA",{"v":109.66,"d":"$109.66"},"C",{"v":6.5796,"d":"$7"},{"v":75,"d":"$75"},1.5,"C",0.09,{"v":6.75,"d":"$7"},{"v":13.3296,"d":"$13"}]
[null,"GROUND SCREW W/ INSUL #12 LEAD",{"$f":"C106","v":6},{"v":0,"d":"0%"},6,"EA",{"v":402.86,"d":"$402.86"},"C",{"$f":"IF(H109=\"C\",(G109/100)*E109,IF(H109=\"M\",(G109/1000)*E109,G109*E109))","v":{"v":24.171599999999998,"d":"$24"}},{"v":75,"d":"$75"},1.5,"C",0.09,{"v":6.75,"d":"$7"},{"v":30.921599999999998,"d":"$31"}]
[null,"#8 x 3/4 P/H SELF-TAP SCREW",{"$f":"2*C106","v":12},{"v":0,"d":"0%"},12,"EA",{"v":8.06,"d":"$8.06"},"C",{"v":0.9672000000000001,"d":"$1"},{"v":75,"d":"$75"},1.2,"C",{"v":0.14400000000000002,"d":"0.14"},{"v":10.8,"d":"$11"},{"v":11.7672,"d":"$12"}]
[null,"1G TGL SWITCH PLATE - PLASTIC IVY",{"$f":"C106","v":6},{"v":0,"d":"0%"},6,"EA",{"v":53.24,"d":"$53.24"},"C",{"v":3.1944,"d":"$3"},{"v":75,"d":"$75"},1.5,"C",0.09,{"v":6.75,"d":"$7"},{"v":9.9444,"d":"$10"}]
[3,"Rheostat (Dimmer)",5,{"v":0,"d":"0%"},{"$f":"C112+(C112*D112)","v":5},"EA",null,"E",{"$f":"IF(H112=\"C\",(G112/100)*E112,IF(H112=\"M\",(G112/1000)*E112,G112*E112))","v":0},{"v":75,"d":"$75"},0.22,"E",{"v":1.1,"d":"1.10"},{"v":82.5,"d":"$83"},{"v":82.5,"d":"$83"}]
[null,"4 x 1 1/2\" SQ NM BOX",{"$f":"C112","v":5},{"v":0,"d":"0%"},5,"EA",{"v":242.79,"d":"$242.79"},"C",{"v":12.139499999999998,"d":"$12"},{"v":75,"d":"$75"},12.5,"C",{"v":0.625,"d":"0.63"},{"v":46.875,"d":"$47"},{"v":59.0145,"d":"$59"}]
[null,"4\" SQ NM 1G PLSTR RING 3/8\" RISE",{"$f":"C112","v":5},{"v":0,"d":"0%"},5,"EA",{"v":109.66,"d":"$109.66"},"C",{"v":5.4830000000000005,"d":"$5"},{"v":75,"d":"$75"},1.5,"C",{"v":0.075,"d":"0.08"},{"v":5.625,"d":"$6"},{"v":11.108,"d":"$11"}]
[null,"GROUND SCREW W/ INSUL #12 LEAD",{"$f":"C112","v":5},{"v":0,"d":"0%"},5,"EA",{"v":402.86,"d":"$402.86"},"C",{"v":20.143,"d":"$20"},{"v":75,"d":"$75"},1.5,"C",{"$f":"IF(L115=\"C\",(K115/100)*E115,IF(L115=\"M\",(K115/1000)*E115,K115*E115))","v":{"v":0.075,"d":"0.08"}},{"$f":"M115*J115","v":{"v":5.625,"d":"$6"}},{"$f":"N115+I115","v":{"v":25.768,"d":"$26"}}]
[null,"#8 x 3/4 P/H SELF-TAP SCREW",{"$f":"2*C112","v":10},{"v":0,"d":"0%"},10,"EA",{"v":8.06,"d":"$8.06"},"C",{"v":0.806,"d":"$1"},{"v":75,"d":"$75"},1.2,"C",0.12,{"v":9,"d":"$9"},{"v":9.806000000000001,"d":"$10"}]
[null,"1G TGL SWITCH PLATE - PLASTIC IVY",{"$f":"C112","v":5},{"v":0,"d":"0%"},5,"EA",{"v":53.24,"d":"$53.24"},"C",{"v":2.662,"d":"$3"},{"v":75,"d":"$75"},1.5,"C",{"v":0.075,"d":"0.08"},{"v":5.625,"d":"$6"},{"v":8.286999999999999,"d":"$8"}]
[4,"Astronomical Time clock",1,{"v":0,"d":"0%"},1,"EA",null,"E",0,{"v":75,"d":"$75"},1,"E",{"v":1,"d":"1.00"},{"v":75,"d":"$75"},{"v":75,"d":"$75"}]
[5,"Photocell",1,{"v":0,"d":"0%"},1,"EA",null,"E",0,{"v":75,"d":"$75"},0.24,"E",0.24,{"v":18,"d":"$18"},{"v":18,"d":"$18"}]
[null,"4 x 1 1/2\" SQ NM BOX",{"$f":"C119","v":1},{"v":0,"d":"0%"},1,"EA",{"v":242.79,"d":"$242.79"},"C",{"v":2.4278999999999997,"d":"$2"},{"v":75,"d":"$75"},12.5,"C",{"v":0.125,"d":"0.13"},{"v":9.375,"d":"$9"},{"v":11.8029,"d":"$12"}]
[null,"4\" SQ NM 1G PLSTR RING 3/8\" RISE",{"$f":"C119","v":1},{"v":0,"d":"0%"},1,"EA",{"v":109.66,"d":"$109.66"},"C",{"v":1.0966,"d":"$1"},{"v":75,"d":"$75"},1.5,"C",{"v":0.015,"d":"0.02"},{"v":1.125,"d":"$1"},{"v":2.2216,"d":"$2"}]
[null,"GROUND SCREW W/ INSUL #12 LEAD",{"$f":"C119","v":1},{"v":0,"d":"0%"},1,"EA",{"v":402.86,"d":"$402.86"},"C",{"v":4.0286,"d":"$4"},{"v":75,"d":"$75"},1.5,"C",{"v":0.015,"d":"0.02"},{"v":1.125,"d":"$1"},{"v":5.1536,"d":"$5"}]
[null,"#8 x 3/4 P/H SELF-TAP SCREW",{"$f":"2*C119","v":2},{"v":0,"d":"0%"},2,"EA",{"v":8.06,"d":"$8.06"},"C",{"v":0.1612,"d":"$0"},{"v":75,"d":"$75"},1.2,"C",{"v":0.024,"d":"0.02"},{"v":1.8,"d":"$2"},{"v":1.9612,"d":"$2"}]
[null,"1G TGL SWITCH PLATE - PLASTIC IVY",{"$f":"C119","v":1},{"v":0,"d":"0%"},1,"EA",{"v":53.24,"d":"$53.24"},"C",{"v":0.5324,"d":"$1"},{"v":75,"d":"$75"},1.5,"C",{"v":0.015,"d":"0.02"},{"v":1.125,"d":"$1"},{"v":1.6574,"d":"$2"}]
[]
[null,"LIGHTING QUOTE",1,{"v":0,"d":"0%"},{"$f":"C126+(C126*D126)","v":1},"LS",null,"E",{"$f":"IF(H126=\"C\",(G126/100)*E126,IF(H126=\"M\",(G126/1000)*E126,G126*E126))","v":0},{"$f":"$O$4","v":{"v":75,"d":"$75"}},null,"E",{"$f":"IF(L126=\"C\",(K126/100)*E126,IF(L126=\"M\",(K126/1000)*E126,K126*E126))","v":{"v":0,"d":"0.00"}},{"$f":"M126*J126","v":0},{"$f":"N126+I126","v":0}]
[]
["FIRE ALARM"]
[]
[null,"CONDUITS"]
[1,"3/4\" EMT Conduit",338,{"v":0.1,"d":"10%"},{"$f":"C131+(C131*D131)","v":{"v":371.8,"d":"372"}},"FT",{"v":109.86,"d":"$109.86"},"C",{"$f":"IF(H131=\"C\",(G131/100)*E131,IF(H131=\"M\",(G131/1000)*E131,G131*E131))","v":{"v":408.45948000000004,"d":"$408"}},{"$f":"$O$4","v":{"v":75,"d":"$75"}},2.7,"C",{"$f":"IF(L131=\"C\",(K131/100)*E131,IF(L131=\"M\",(K131/1000)*E131,K131*E131))","v":{"v":10.0386,"d":"10.04"}},{"$f":"M131*J131","v":{"v":752.8950000000001,"d":"$753"}},{"$f":"N131+I131","v":{"v":1161.3544800000002,"d":"$1,161"}}]
[null,"3/4\" CONN SS STL - EMT",{"$f":"ROUNDUP(C131*2%,0)","v":7},{"v":0,"d":"0%"},7,"EA",{"v":201.94,"d":"$201.94"},"C",{"$f":"IF(H132=\"C\",(G132/100)*E132,IF(H132=\"M\",(G132/1000)*E132,G132*E132))","v":{"v":14.1358,"d":"$14"}},{"$f":"$O$4","v":{"v":75,"d":"$75"}},5,"C",{"$f":"IF(L132=\"C\",(K132/100)*E132,IF(L132=\"M\",(K132/1000)*E132,K132*E132))","v":{"v":0.35000000000000003,"d":"0.35"}},{"$f":"M132*J132","v":{"v":26.250000000000004,"d":"$26"}},{"$f":"N132+I132","v":{"v":40.3858,"d":"$40"}}]
[null,"3/4\" COUPLING SS STL - EMT",{"$f":"ROUNDUP(C131/20,0)","v":17},{"v":0,"d":"0%"},17,"EA",{"v":237.31,"d":"$237.31"},"C",{"v":40.3427,"d":"$40"},{"v":75,"d":"$75"},2,"C",0.34,{"v":25.500000000000004,"d":"$26"},{"v":65.84270000000001,"d":"$66"}]
[null,"3/4\" 1-H STRAP - EMT - STEEL",{"$f":"ROUNDUP(C131/15,0)","v":23},{"v":0,"d":"0%"},23,"EA",{"v":45.52,"d":"$45.52"},"C",{"v":10.469600000000002,"d":"$10"},{"v":75,"d":"$75"},3.4,"C",{"v":0.782,"d":"0.78"},{"v":58.650000000000006,"d":"$59"},{"v":69.1196,"d":"$69"}]
[null,"4x 1 1/2\" SQ BOX COMB KO",{"$f":"ROUNDUP(C131*1%,0)","v":4},{"v":0,"d":"0%"},4,"EA",{"v":756.54,"d":"$756.54"},"C",{"v":30.261599999999998,"d":"$30"},{"v":75,"d":"$75"},12,"C",0.48,{"v":36,"d":"$36"},{"v":66.2616,"d":"$66"}]
[null,"4\" SQ BLANK COVER",{"$f":"ROUNDUP(C131*1%,0)","v":4},{"v":0,"d":"0%"},4,"EA",{"v":281.33,"d":"$281.33"},"C",{"v":11.2532,"d":"$11"},{"v":75,"d":"$75"},1.5,"C",0.06,{"v":4.5,"d":"$5"},{"v":15.7532,"d":"$16"}]
[null,"#8 TO #10 x 7/8 PLAS ANCHOR (3/16)",{"$f":"ROUNDUP(C131/20,0)","v":17},{"v":0,"d":"0%"},17,"EA",{"v":3.6,"d":"$3.60"},"C",{"v":0.6120000000000001,"d":"$1"},{"v":75,"d":"$75"},3,"C",0.51,{"v":38.25,"d":"$38"},{"v":38.862,"d":"$39"}]
[null,"#10 x 1 P/H SELF-TAP SCREW",{"$f":"ROUNDUP(C131/20,0)","v":17},{"v":0,"d":"0%"},17,"EA",{"v":12.8,"d":"$12.80"},"C",{"v":2.176,"d":"$2"},{"v":75,"d":"$75"},1.5,"C",{"v":0.255,"d":"0.26"},{"v":19.125,"d":"$19"},{"v":21.301000000000002,"d":"$21"}]
[]
[null,"CONDUCTORS"]
[1,"#14 CU THHN/THWN",676,{"v":0.1,"d":"10%"},{"$f":"C141+(C141*D141)","v":{"v":743.6,"d":"744"}},"FT",{"v":149.6,"d":"$149.60"},"M",{"$f":"IF(H141=\"C\",(G141/100)*E141,IF(H141=\"M\",(G141/1000)*E141,G141*E141))","v":{"v":111.24256,"d":"$111"}},{"$f":"$O$4","v":{"v":75,"d":"$75"}},4,"M",{"$f":"IF(L141=\"C\",(K141/100)*E141,IF(L141=\"M\",(K141/1000)*E141,K141*E141))","v":{"v":2.9744,"d":"2.97"}},{"$f":"M141*J141","v":{"v":223.08,"d":"$223"}},{"$f":"N141+I141","v":{"v":334.32256,"d":"$334"}}]
[]
[null,"DEVICES"]
[1,"Carbon Monoxide Alarm W/ Battery Backup",3,{"v":0,"d":"0%"},{"$f":"C144+(C144*D144)","v":3},"EA",null,"E",{"$f":"IF(H144=\"C\",(G144/100)*E144,IF(H144=\"M\",(G144/1000)*E144,G144*E144))","v":0},{"$f":"$O$4","v":{"v":75,"d":"$75"}},0.5,"E",{"$f":"IF(L144=\"C\",(K144/100)*E144,IF(L144=\"M\",(K144/1000)*E144,K144*E144))","v":{"v":1.5,"d":"1.50"}},{"$f":"M144*J144","v":{"v":112.5,"d":"$113"}},{"$f":"N144+I144","v":{"v":112.5,"d":"$113"}}]
[null,"4x 1 1/2\" SQ BOX COMB KO",{"$f":"C144","v":3},{"v":0,"d":"0%"},{"$f":"C145+(C145*D145)","v":3},"EA",{"v":734.5,"d":"$734.50"},"C",{"$f":"IF(H145=\"C\",(G145/100)*E145,IF(H145=\"M\",(G145/1000)*E145,G145*E145))","v":{"v":22.035,"d":"$22"}},{"v":75,"d":"$75"},12,"C",0.36,{"v":27,"d":"$27"},{"v":49.035,"d":"$49"}]
[null,"#8 TO #10 x 7/8 PLAS ANCHOR (3/16)",{"$f":"C144*5","v":15},{"v":0,"d":"0%"},15,"EA",{"v":2.55,"d":"$2.55"},"C",{"$f":"IF(H146=\"C\",(G146/100)*E146,IF(H146=\"M\",(G146/1000)*E146,G146*E146))","v":{"v":0.38249999999999995,"d":"$0"}},{"v":75,"d":"$75"},3,"C",{"v":0.44999999999999996,"d":"0.45"},{"v":33.75,"d":"$34"},{"v":34.1325,"d":"$34"}]
[null,"#10x 1 P/H SELF-TAP SCREW",{"$f":"C144*5","v":15},{"v":0,"d":"0%"},15,"EA",{"v":9.6,"d":"$9.60"},"C",{"v":1.44,"d":"$1"},{"v":75,"d":"$75"},1.5,"C",{"v":0.22499999999999998,"d":"0.23"},{"v":16.875,"d":"$17"},{"v":18.315,"d":"$18"}]
[2,"Smoke Detector W/ Battery Backup",8,{"v":0,"d":"0%"},{"$f":"C148+(C148*D148)","v":8},"EA",null,"E",{"$f":"IF(H148=\"C\",(G148/100)*E148,IF(H148=\"M\",(G148/1000)*E148,G148*E148))","v":0},{"v":75,"d":"$75"},0.35,"E",{"v":2.8,"d":"2.80"},{"v":210,"d":"$210"},{"v":210,"d":"$210"}]
[null,"4x 1 1/2\" SQ BOX COMB KO",{"$f":"C148","v":8},{"v":0,"d":"0%"},{"$f":"C149+(C149*D149)","v":8},"EA",{"v":734.5,"d":"$734.50"},"C",{"$f":"IF(H149=\"C\",(G149/100)*E149,IF(H149=\"M\",(G149/1000)*E149,G149*E149))","v":{"v":58.76,"d":"$59"}},{"v":75,"d":"$75"},12,"C",{"$f":"IF(L149=\"C\",(K149/100)*E149,IF(L149=\"M\",(K149/1000)*E149,K149*E149))","v":0.96},{"$f":"M149*J149","v":{"v":72,"d":"$72"}},{"$f":"N149+I149","v":{"v":130.76,"d":"$131"}}]
[null,"#8 TO #10 x 7/8 PLAS ANCHOR (3/16)",{"$f":"C148*5","v":40},{"v":0,"d":"0%"},40,"EA",{"v":2.55,"d":"$2.55"},"C",{"$f":"IF(H150=\"C\",(G150/100)*E150,IF(H150=\"M\",(G150/1000)*E150,G150*E150))","v":{"v":1.02,"d":"$1"}},{"v":75,"d":"$75"},3,"C",{"v":1.2,"d":"1.20"},{"v":90,"d":"$90"},{"v":91.02,"d":"$91"}]
[null,"#10x 1 P/H SELF-TAP SCREW",{"$f":"C148*5","v":40},{"v":0,"d":"0%"},40,"EA",{"v":9.6,"d":"$9.60"},"C",{"v":3.84,"d":"$4"},{"v":75,"d":"$75"},1.5,"C",{"v":0.6,"d":"0.60"},{"v":45,"d":"$45"},{"v":48.84,"d":"$49"}]
[]
[null,"FIRE ALARM QUOTE",1,{"v":0,"d":"0%"},{"$f":"C153+(C153*D153)","v":1},"LS",null,"E",{"$f":"IF(H153=\"C\",(G153/100)*E153,IF(H153=\"M\",(G153/1000)*E153,G153*E153))","v":0},{"$f":"$O$4","v":{"v":75,"d":"$75"}},null,"E",{"$f":"IF(L153=\"C\",(K153/100)*E153,IF(L153=\"M\",(K153/1000)*E153,K153*E153))","v":{"v":0,"d":"0.00"}},{"$f":"M153*J153","v":0},{"$f":"N153+I153","v":0}]
[]
["MISCELLANEOUS"]
[1,"2-Gang box",1,{"v":0,"d":"0%"},{"$f":"C156+(C156*D156)","v":1},"EA",{"v":1169.85,"d":"$1,169.85"},"C",{"$f":"IF(H156=\"C\",(G156/100)*E156,IF(H156=\"M\",(G156/1000)*E156,G156*E156))","v":{"v":11.6985,"d":"$12"}},{"v":75,"d":"$75"},12,"C",{"$f":"IF(L156=\"C\",(K156/100)*E156,IF(L156=\"M\",(K156/1000)*E156,K156*E156))","v":0.12},{"$f":"M156*J156","v":{"v":9,"d":"$9"}},{"$f":"N156+I156","v":{"v":20.6985,"d":"$21"}}]
[null,"#8 TO #10 x 7/8 PLAS ANCHOR (3/16)",{"$f":"C156*5","v":5},{"v":0,"d":"0%"},5,"EA",{"v":2.55,"d":"$2.55"},"C",{"$f":"IF(H157=\"C\",(G157/100)*E157,IF(H157=\"M\",(G157/1000)*E157,G157*E157))","v":{"v":0.1275,"d":"$0"}},{"v":75,"d":"$75"},3,"C",{"$f":"IF(L157=\"C\",(K157/100)*E157,IF(L157=\"M\",(K157/1000)*E157,K157*E157))","v":0.15},{"$f":"M157*J157","v":{"v":11.25,"d":"$11"}},{"$f":"N157+I157","v":{"v":11.3775,"d":"$11"}}]
[null,"#10x 1 P/H SELF-TAP SCREW",{"$f":"C156*5","v":5},{"v":0,"d":"0%"},5,"EA",{"v":9.6,"d":"$9.60"},"C",{"v":0.48,"d":"$0"},{"v":75,"d":"$75"},1.5,"C",{"v":0.075,"d":"0.08"},{"v":5.625,"d":"$6"},{"v":6.105,"d":"$6"}]
[]
["FIRESTOPPING"]
[1,"Caulking Sealant",1,{"v":0,"d":"0%"},1,"LS",{"v":1250.99,"d":"$1,250.99"},"E",{"v":1250.99,"d":"$1,251"},{"v":75,"d":"$75"},8,"E",{"v":8,"d":"8.00"},{"v":600,"d":"$600"},{"v":1850.99,"d":"$1,851"}]
[]
["ALLOWANCES (PLEASE ADD YOUR NUMBER)"]
[1,"Mobilization and Demobilization",1,{"v":0,"d":"0%"},1,"LS",null,"E",0,{"v":75,"d":"$75"},null,"E",{"v":0,"d":"0.00"},0,0]
[2,"Arc Flash Study",1,{"v":0,"d":"0%"},1,"LS",null,"E",0,{"v":75,"d":"$75"},null,"E",{"v":0,"d":"0.00"},0,0]
[3,"Protection Devices Coordination Study",1,{"v":0,"d":"0%"},1,"LS",null,"E",0,{"v":75,"d":"$75"},null,"E",{"v":0,"d":"0.00"},0,0]
[4,"Permit and Utility Fees",1,{"v":0,"d":"0%"},1,"LS",null,"E",0,{"v":75,"d":"$75"},null,"E",{"v":0,"d":"0.00"},0,0]
[5,"Testing and Commissioning",1,{"v":0,"d":"0%"},1,"LS",null,"E",0,{"v":75,"d":"$75"},null,"E",{"v":0,"d":"0.00"},0,0]
[6,"Tags & Directory",1,{"v":0,"d":"0%"},{"$f":"C169+(C169*D169)","v":1},"LS",null,"E",{"$f":"IF(H169=\"C\",(G169/100)*E169,IF(H169=\"M\",(G169/1000)*E169,G169*E169))","v":0},{"v":75,"d":"$75"},null,"E",{"$f":"IF(L169=\"C\",(K169/100)*E169,IF(L169=\"M\",(K169/1000)*E169,K169*E169))","v":{"v":0,"d":"0.00"}},{"$f":"M169*J169","v":0},{"$f":"N169+I169","v":0}]
[7,"As Built Documents",1,{"v":0,"d":"0%"},1,"LS",null,"E",0,{"v":75,"d":"$75"},null,"E",{"v":0,"d":"0.00"},0,0]
[8,"Core Drill",1,{"v":0,"d":"0%"},1,"LS",null,"E",0,{"v":75,"d":"$75"},null,"E",{"v":0,"d":"0.00"},0,0]
[]
["TOTAL MATERIAL COST  ",{"$nulls":12},{"$f":"SUM(I10:I171)","v":{"v":11302.706663849996,"d":"$11,303"}}]
["TOTAL LABOR COST  ",{"$nulls":12},{"$f":"SUM(N10:N171)","v":{"v":18609.65625,"d":"$18,610"}}]
["TOTAL LABOR HOURS  ",{"$nulls":12},{"$f":"SUM(M10:M171)","v":{"v":248.12874999999994,"d":"248 "}}]
["TOTAL COST  ",{"$nulls":12},{"$f":"N173+N174","v":{"v":29912.362913849996,"d":"$29,912"}}]
["OVERHEADS & PROFIT  ",{"$nulls":11},{"v":0.25,"d":"25%"},{"$f":"N176*M177","v":{"v":7478.090728462499,"d":"$7,478"}}]
["MATERIAL TAX  ",{"$nulls":11},{"v":0.0725,"d":"7.25%"},{"$f":"N173*M178","v":{"v":819.4462331291247,"d":"$819"}}]
["TOTAL BID  ",{"$nulls":12},{"$f":"SUM(N176:O178)","v":{"v":38209.89987544162,"d":"$38,210"}}]
[]
["SCOPE OF ESTIMATE:"]
["I","SUPPLY & INSTALLATION"]
[1,"Distribution"]
[2,"Disconnect Switches"]
[3,"Receptacles & Switches"]
[4,"Lighting & Lighting Controls"]
[5,"Fire Alarm"]
[6,"Miscellaneous"]
[7,"Fire Stopping"]
[8,"Allowances"]